000 01472nam a2200337 c 4500
999 _c341822
_d341822
003 BLK
005 20240312102911.0
008 180911b bul|||||r ||||||| ||bul||
010 _a001452
040 _aBLK
041 _aBUL
_cBUL
080 _aТомас Удроу Уилсън е двадесет и осмият президент на САЩ
_z929 Уилсън, Томас
_b929 Уилсън, Томас
100 1 _aКьорчев, Димо Петров
_d1884-1928
_gПублицист, литературен критик, издател и редактор.
_986658
139 _aКьорчев, Димо Петров
245 0 0 _aТрагедията на американския президент
_cДимо Петров Кьорчев
260 _aСофия
_bпеч. Арм. воен.-изд. фонд
_c1929
300 _a60 с.
_c21 см
380 _a9
490 _aЧастна колекция - Академик Михаил Арнаудов
_gДарение - Основен фонд
500 _aМихаил Арнаудов: негови-книга. - Подчертавания в текста
520 _a
650 _aБиографии
_9148657
655 _aистория
_9464108
852 _aМА 1367
_bМА
852 _aЦб 9.210.7412
_bО
942 _cKNG
_n0
_s1
944 _aCR
_c1996
_k30560
_lГеновева Генчева
944 _aED
_c2021-09-09
_kВП
999 _d341822
999 _d341822